000 01618cam a22004217a 4500
003 CHAP
005 20220329142347.0
008 000926d2000 mx r 00110 spa d
010 _a82356
011 _a83328
035 _a93839
040 _cCHAP
090 _aTesis
100 0 0 _aMartínez Vázquez, Roberto Carlos.
_972641
245 1 0 _aAnálisis de la productividad, rentabilidad y competitividad de la producción de hortalizas de exportación en México en relación a Estados Unidos
_c/por Roberto Carlos Martínez Vázquez
260 _aChapingo, Méx. :
_bEl autor,
_c2000.
300 _a114 h. :
_btablas
502 _aTesis (Lic. en Economía Agrícola) -- UACH. División de Ciencias Económico-Administrativas
590 _aALEPH
_b10
_c20130110
_lUCH01
_h1437
590 _aBATCH-UPD
_b10
_c20130110
_lUCH01
_h0815
590 _aBATCH-UPD
_b10
_c20130410
_lUCH01
_h0452
590 _aBATCH-UPD
_b10
_c20130914
_lUCH01
_h0924
590 _aCONVERSION
_b10
_c20130109
_lUCH01
_h1346
650 0 4 _aSandía
_xRendimiento.
_9102081
650 1 4 _aChile (Botánica)
_xRendimiento.
_922388
650 1 4 _aHorticultura
_xAspectos económicos.
_956299
650 1 4 _aLegumbres
_xExportación.
_965716
650 1 4 _aLegumbres
_xExportación.
_965716
650 1 4 _aLegumbres
_xMercadeo.
_965740
650 1 4 _aLegumbres
_xRendimiento.
_965781
650 1 4 _aPepino
_xRendimiento.
_986928
650 1 4 _aTomate
_xRendimiento.
_9113761
901 _aBK
905 _aMayto Villalobos S.
942 _cFOLL
949 _bBC
_cTES
_d33724000793865
_eTS2
_fc.2
_h36970
_i93839
_si
949 _bBC
_cTES
_d938391
_eTS1
_h36969
_i93839
_sb
999 _c82356
_d82356